[Event "DSOL 07 Liga Gr-B 1st"]
[Site "Playchess.com INT"]
[Date "2020.08.06"]
[Round "7.4"]
[White "Eschweiler, Martin"]
[Black "Rinsland, Frieder"]
[Result "0-1"]
[WhiteElo "1591"]
[BlackElo "1294"]
[PlyCount "94"]
[EventDate "2020.06.22"]
[EventType "team-tourn (rapid)"]
[EventCountry "GER"]
[SourceTitle "EXT 2021"]
[Source "ChessBase"]
[SourceDate "2020.10.23"]
[SourceVersion "1"]
[SourceVersionDate "2020.10.23"]
[SourceQuality "1"]
[WhiteTeam "Stadtilm Blau Weiss"]
[BlackTeam "Heuchelheim"]
[WhiteTeamCountry "GER"]
[BlackTeamCountry "GER"]

1. d4 e6 2. Bf4 d5 3. Nf3 c5 4. c3 Nc6 5. e3 Bd6 6. Bg3 Nf6 7. Ne5 cxd4 8. exd4 a6 9. Bd3 0-0 10. Nd2 Qc7 11. Qe2 b5 12. Ndf3 Ne7 13. h3 Ne4 14. Bxe4 dxe4 15. Qxe4 Bb7 16. Qe2 Nf5 17. Bh2 h6 18. 0-0 Bd5 19. Rfe1 Rac8 20. g4 Ne7 21. Qe3 Bb7 22. Nd3 Bxh2+ 23. Nxh2 Nd5 24. Qe5 Qc6 25. Qe4 Nf6 26. Qxc6 Bxc6 27. Nc5 a5 28. a4 bxa4 29. Nxa4 Rb8 30. Rec1 Bxa4 31. Rxa4 Rxb2 32. Rxa5 Nd5 33. c4 Nf4 34. Kf1 Nxh3 35. Kg2 Nxf2 36. Kf3 f5 37. gxf5 exf5 38. c5 g5 39. Nf1 g4+ 40. Kg3 f4+ 41. Kh4 Rb3 42. Kh5 Kg7 43. Ra7+ Kf6 44. Ra6+ Kf5 45. Kxh6 Rf7 46. Ne3+ Rxe3 47. Rh1 Nxh1 0-1